Enfermedades del intestino, del hígado y de las vías biliares / (Record no. 187129)
[ view plain ]
| 000 -LEADER | |
|---|---|
| campo de control de longitud fija | 00722nam a2200205 i 4500 |
| 001 - NÚMERO DE CONTROL | |
| campo de control | 187129 |
| 003 - IDENTIFICADOR DE NÚMERO DE CONTROL | |
| campo de control | SpMaBN |
| 005 - FECHA Y HORA DE LA ÚLTIMA TRANSACCIÓN | |
| campo de control | 20250930063159.0 |
| 008 - DATOS DE LONGITUD FIJA--INFORMACIÓN GENERAL | |
| campo de control de longitud fija | 170420q1933 sp a |||| | spa d |
| 080 ## - NÚMERO DE LA CLASIFICACIÓN DECIMAL UNIVERSAL | |
| Número de la Clasificación Decimal Universal | 616.3 |
| 100 1# - ENTRADA PRINCIPAL--NOMBRE DE PERSONA | |
| Nombre de persona | Fernández, Fidel, |
| Fechas asociadas al nombre | 1890-1942 |
| 9 (RLIN) | 162426 |
| 245 10 - MENCIÓN DEL TÍTULO | |
| Título | Enfermedades del intestino, del hígado y de las vías biliares / |
| Mención de responsabilidad, etc. | Fidel Fernández Martínez. |
| 250 ## - MENCION DE EDICION | |
| Mención de edición | Ed. limitada de 1.000 ejemp. num. |
| 260 ## - PUBLICACIÓN, DISTRIBUCIÓN, ETC. | |
| Lugar de publicación, distribución, etc. | Madrid : |
| Nombre del editor, distribuidor, etc. | La Voz Médica, |
| Fecha de publicación, distribución, etc. | [h. 1933] ( |
| Lugar de fabricación/manufactura | Toledo) |
| 300 ## - DESCRIPCIÓN FÍSICA | |
| Extensión | V, [3], 19-304 p. : |
| Otras características físicas | il. ; |
| Dimensiones | 20 cm. |
| 596 ## - NOTA AL PIE DE IMPRENTA | |
| NOTA AL PIE DE IMPRENTA | Fecha aproximada de publ. tomada de p. V. |
| 650 04 - PUNTO DE ACCESO ADICIONAL DE MATERIA--TÉRMINO DE MATERIA | |
| Término de materia o nombre geográfico como elemento de entrada | Aparato digestivo- |
| Subdivisión general | Enfermedades. |
| 9 (RLIN) | 9906 |
| 852 ## - LOCALIZACIÓN | |
| Ubicación | ES-MaACL |
| Número de control de estantería | L-31452 |
| Estatus retirado | Estado de pérdida | Estado de daño | No para préstamo | Biblioteca de origen | Biblioteca actual | Ubicación en estantería | Fecha de adquisición | Fuente de adquisición | Total de préstamos | Signatura topográfica completa | Código de barras | Visto por última vez | Precio de reemplazo | Tipo de ítem Koha |
|---|---|---|---|---|---|---|---|---|---|---|---|---|---|---|
| Biblioteca del Ateneo de Madrid | Biblioteca del Ateneo de Madrid | Depósito 2 | 20/04/2017 | L-31452 | 1197424 | 23/02/2023 | 23/02/2023 | Libro impreso |
